书目信息 |
| 题名: |
变频器应用故障200例
|
|
| 作者: | 王兆义 , 刁金霞 , 史映红 编著 | |
| 分册: | ||
| 出版信息: | 北京 机械工业出版社 2021.1 |
|
| 页数: | 12,198页 | |
| 开本: | 26cm | |
| 丛书名: | ||
| 单 册: | ||
| 中图分类: | TN773 | |
| 科图分类: | ||
| 主题词: | 变频器--维修 | |
| 电子资源: | ||
| ISBN: | 978-7-111-66612-7 | |
| 000 | 01149nam0 2200265 45 | |
| 001 | 012001002470 | |
| 005 | 20211013162438.59 | |
| 010 | @a978-7-111-66612-7@dCNY59.00 | |
| 100 | @a20210112d2021 em y0chiy50 ea | |
| 101 | 0 | @achi |
| 102 | @aCN@b110000 | |
| 105 | @aa z 000yy | |
| 106 | @ar | |
| 200 | 1 | @a变频器应用故障200例@Abian pin qi ying yong gu zhang 200 li@b专著@f王兆义,刁金霞,史映红编著 |
| 205 | @a2版 | |
| 210 | @a北京@c机械工业出版社@d2021.1 | |
| 215 | @a12,198页@c图,照片@d26cm | |
| 330 | @a本书分析了变频器的工作原理以及与其他电器的相互关系,并介绍了在工作中出现的200个典型故障案例的诊断与处理方法。全书共分为10章,分别为:变频器维修概论;变频器过电流故障的维修;变频器过载接地故障的维修;变频器欠电压、过电压故障的维修;变频器过热故障的维修;变频器电磁干扰故障的维修;变频器通信控制故障的维修;变频器不报警无显示故障的维修;变频器参数设置故障的维修;变频器工程应用案例。 | |
| 606 | 0 | @a变频器@x维修 |
| 690 | @aTN773@v5 | |
| 701 | 0 | @a王兆义@Awang zhao yi@4编著 |
| 701 | 0 | @a刁金霞@Adiao jin xia@4编著 |
| 701 | 0 | @a史映红@Ashi ying hong@4编著 |
| 801 | 0 | @aCN@bBJSDL@c20211011 |
| 905 | @b1339852-5@dTN773@e137=2@f4 | |
| 变频器应用故障200例/王兆义,刁金霞,史映红编著.-2版.-北京:机械工业出版社,2021.1 |
| 12,198页:图,照片;26cm |
| ISBN 978-7-111-66612-7:CNY59.00 |
| 本书分析了变频器的工作原理以及与其他电器的相互关系,并介绍了在工作中出现的200个典型故障案例的诊断与处理方法。全书共分为10章,分别为:变频器维修概论;变频器过电流故障的维修;变频器过载接地故障的维修;变频器欠电压、过电压故障的维修;变频器过热故障的维修;变频器电磁干扰故障的维修;变频器通信控制故障的维修;变频器不报警无显示故障的维修;变频器参数设置故障的维修;变频器工程应用案例。 |
| ● |
| 相关链接 |
|
|
|
|
正题名:变频器应用故障200例
索取号:TN773/137=2
 
预约/预借
| 序号 | 登录号 | 条形码 | 馆藏地/架位号 | 状态 | 备注 |
| 1 | 1339852 | 213398526 | 第二样本阅览室/ [索取号:TN773/137=2] | 在馆 | |
| 2 | 1339853 | 213398535 | 第三借阅区/ [索取号:TN773/137=2] | 在馆 | |
| 3 | 1339854 | 213398544 | 第三借阅区/ [索取号:TN773/137=2] | 在馆 | |
| 4 | 1339855 | 213398553 | 第三借阅区/ [索取号:TN773/137=2] | 在馆 |